| 000 | 01235nam0a22002771 4500 | ||
|---|---|---|---|
| 001 | rc\2156898 | ||
| 005 | 20260412042031.0 | ||
| 035 | _a(NLR Aleph) 006637919 | ||
| 090 |
_a7618933 _c7618933 |
||
| 100 | _a20110829d1979 |||y0rusy50 ca | ||
| 101 | 0 | _arus | |
| 102 | _aRU | ||
| 105 | _ay z ||||| | ||
| 200 | 1 |
_aСоциально-экономическое и политическое развитие социалистических стран в 70-е годы _e[Сб. статей] _fАН СССР, Ин-т экономики мировой соц. системы _g[Редкол.: д. э. н. Петров А.И. (отв. ред.) и др.] |
|
| 210 |
_aМосква _cИЭМСС _d1979 |
||
| 215 |
_a242 с. _d21 |
||
| 702 | 1 |
_aПетров _bА.И. _f1897- _gАлександр Ильич _4340 |
|
| 712 | 0 | 2 |
_aМеждународный институт экономических проблем мировой социалистической системы _cМосква _9390608 _3RU\NLR\AUTH\889947486 |
| 801 | 1 |
_aRU _bELAR _2rusmarc |
|
| 801 | 0 |
_aRU _bNLR _gpsbo |
|
| 852 |
_aNLR _j79-3/10859 |
||
| 899 |
_aRuMoRGB _jБ 79-38/7 |
||
| 899 |
_aRuMoRGB _jБ 79-38/8 |
||
| 899 |
_aRuMoRGB _jФ 1-79/14403 |
||
| 942 | _cBOOK | ||
| 980 | _aNB | ||